000 00597nam a2200205Ia 4500
005 20250923150058.0
008 008 250917s9999 xx 000 0 eng d
037 _aTextual
040 _aDSWL
_beng
_cDSWL
041 _aeng
_2eng
084 _aYX,Z1-z41;4, POO
_qDSWL
100 _aDraucker, C.B
_9841987
245 0 _aCounselling survivors of childhood secual ebuse
_c by C.B.Draucker
260 _aLondon
_bSage Publication
_c2000
300 _a167p.
365 _aINR
_b1140.1
925 _g1140.1
942 _cTEXL
_hYX,Z1-z41;4, POO
999 _c1459319
_d1459319